000 00662cam a2200217 a 4500
003 BD-DhSAU
005 20231108114427.0
008 861024s2023ii a b 001 0 eng
020 _a9789354610790
040 _aBD-DhSAU
082 _222
_a639.309
_bAd951
245 1 0 _aAdvance Trends in Aquaculture Practices /
_cEdited by A. Balasubramanian and T.V. Ramana
260 _aNew Delhi :
_bDaya Publishing House,
_cc2023
300 _ax, 214 p. :
_bill. ;
_c22cm.
504 _aInclude bibliographical references and index
590 _akobir
650 0 _aAquaculture Practices
700 _aBalasubramanian, A
700 _aRamana, T.V.
942 _2ddc
_cBOOK
999 _c17278
_d17277